Представление документа в формате RUSMARC

ПолеНазваниеЗначение
  Тип записи a
  Библиографический уровень m
001 Контрольный номер UONB/MAIN/964db5e0e7c34b4da259c150fc2b28d0
005 Дата корректировки 20260404170030.4
010 Индекс ISBN __
d Цена 1 р. 35 к.
9 Тираж 500 экз.
100 Данные общей обработки __
a Данные общей обработки 20260404d1980 u y0rusy0189 ca
101 Язык документа 0_
a Язык текста rus
102 Страна публикации __
a Страна публикации RU
105 Кодированные данные (монография) __
a Кодированные данные (монография) y z 001yy
200 Заглавие и сведения об ответственности 1_
a Заглавие Экономика и организация сельского хозяйства
f Первые сведения об ответственности редактор И. С. Кувшинов
g Последующие сведения об ответственности Министерство сельского хозяйства СССР, Московская сельскохозяйственная академия им. К. А. Тимирязева
203 Вид содержания и тип средства __
a Вид содержания Текст
b Характеристика содержания визуальный
c Тип средства непосредственный
210 Выходные данные 1_
a Место издания Москва
c Издательство ТСХА
d Дата издания 1980
215 Физическое описание __
a Объем 262 с.
d Формат 21 см
225 Серия 1_
a Серия Доклады Тимирязевской сельскохозяйственной академии
v Обозначение тома вып. 262
606 Тематические рубрики 0_
a Основная рубрика Сельское хозяйство
j Формальный подзаголовок Сборники
610 Ключевые слова 0_
a Ключевые слова сельское хозяйство
686 Индексы других классификаций __
a Классификационный индекс 65.9(2)32я5
2 Код системы rubbk
702 Вторичная интеллектуальная ответственность _1
a Фамилия Дунаев
b Имя (инициалы) П. П.
g Полное личное имя Павел Павлович
4 Код отношения 340
712 Наименование организации (Вторичная ответственность) 02
a Организация/ юрисдикция Министерство сельского хозяйства СССР
b Другие уровни Московская сельскохозяйственная академия им. К. А. Тимирязева
4 Код отношения 570
801 Источник записи _0
a Страна RU
b Организация Ульяновская ОНБ
c Дата составления 20260404
g Правила каталогизации RCR
801 Источник записи _1
a Страна RU
b Организация Ульяновская ОНБ
c Дата составления 20260404
g Правила каталогизации RCR
901 Тип документа __
t Тип документа m
909 Создатель записи __
a Создатель записи Кадыкова
b Дата создания записи 20260404